|
|
|
|
| LEADER |
00000cam a2200000 7i4500 |
| 001 |
0000031344 |
| 005 |
20120117.0 |
| 008 |
120117 |
| 020 |
|
|
|a 9830401162
|
| 090 |
0 |
0 |
|a 297.1
|b MIS
|
| 100 |
1 |
|
|a Misri, Muhammad 'Abd al-Hadi
|
| 245 |
1 |
0 |
|a Sejarah penyelewengan manusia
|c Muhammad 'Abd al-Hadi Misri
|
| 260 |
|
|
|a Selangor :
|b Al-Ramadhan ,
|c 1996
|
| 440 |
|
|
|a Siri Iman
|
| 650 |
|
0 |
|a Islamic sects
|
| 650 |
|
0 |
|a Islam
|x doctimes
|
| 700 |
1 |
|
|a Baharuddin Ayudin
|
| 999 |
|
|
|a 0000451487
|b Book
|c Adult Collection
|e Cawangan Mersing
|
| 999 |
|
|
|a 0000764080
|b Book
|c Adult Collection
|e Cawangan Bandar Penawar
|
| 999 |
|
|
|a 0000764089
|b Book
|c Adult Collection
|e Cawangan Bandar Penawar
|
| 999 |
|
|
|a 0000775585
|b Book
|c Adult Collection
|e Cawangan Pontian
|
| 999 |
|
|
|a 0000775586
|b Book
|c Adult Collection
|e Cawangan Pontian
|
| 999 |
|
|
|a 0000775587
|b Book
|c Adult Collection
|e Cawangan Pontian
|
| 999 |
|
|
|a 0000775589
|b Book
|c Adult Collection
|e Cawangan Pontian
|
| 999 |
|
|
|a 0000789160
|b Book
|c Adult Collection
|e Cawangan Segamat
|
| 999 |
|
|
|a 0000789163
|b Book
|c Adult Collection
|e Cawangan Segamat
|
| 999 |
|
|
|a 0000830910
|b Book
|c Adult Collection
|e Cawangan Segamat
|
| 999 |
|
|
|a 0000830911
|b Book
|c Adult Collection
|e Cawangan Segamat
|
| 999 |
|
|
|a 0000834118
|b Book
|c Adult Collection
|e Cawangan Mersing
|
| 999 |
|
|
|a 0000834119
|b Book
|c Adult Collection
|e Cawangan Mersing
|
| 999 |
|
|
|a 0000873964
|b Book
|c Adult Collection
|e Cawangan Mersing
|
| 999 |
|
|
|a 0000873969
|b Book
|c Adult Collection
|e Cawangan Pontian
|
| 999 |
|
|
|a 0000873970
|b Book
|c Adult Collection
|e Cawangan Segamat
|
| 999 |
|
|
|a 0001028266
|b Book
|c Adult Collection
|e Perbadanan Perpustakaan Awam Johor
|
| 999 |
|
|
|a 0001130910
|b Book
|c Adult Collection
|e Cawangan Muar
|